quiz villes de la Mayenne (53) - Statistiques

Statistiques générales
  • Ce quiz a été pris 159 fois
  • Le résultat moyen est 11 sur 25
Statistiques - réponses
nombre d'habitants Ville/village % Correct
49 733 Laval
100%
12 823 Mayenne
94%
16 950 Château-Gontier
87%
8 614 Evron
68%
6 209 Changé
67%
5 717 Ernée
67%
4 486 Craon
65%
7 353 Saint-berthevin
63%
2 552 Gorron
45%
4 326 L'Huisserie
40%
3 199 Cossé-le-Vivien
39%
4 375 Louverné
39%
2 808 Meslay-duMaine
39%
6 137 Bonchamp-lès-Laval
36%
2 234 Lassay-les-Châteaux
32%
2 255 Entrammes
30%
2 529 Renazé
30%
2 291 Pré-en-Pail
25%
2 825 Argentré
24%
3 162 Montsûrs
24%
2 738 Villaines-la-Juhel
24%
2 319 Andouillé
23%
2 639 Ambrières-les-Vallées
19%
2 265 Saint-Pierre-la-Cour
13%
2 745 Loiron-Ruillé
11%
Aucun quiz correspondant
Distribution des résultats
% des personnes avec chaque résultat
Percentile par nombre de réponses
Votre historique - résultats
Vous n’avez pas pris ce quiz